Catalog

Record Details

Catalog Search



Christentum und Liberalismus  Cover Image Book Book

Christentum und Liberalismus / Eric Voegelin...[et al.]

Record details

  • Physical Description: 252 s. ; 21 cm
  • Edition: 1. Aufl.
  • Publisher: München : Karl Zink, 1960
Subject: křesťanství
liberalismus

Available copies

  • 1 of 1 copy available at Common Catalog SPOK.

Holds

  • 0 current holds with 1 total copy.
Show Only Available Copies
Location Call Number / Copy Notes Barcode Shelving Location Status Due Date
Jabok Library Soc-5.3 424480033031 Odborná literatura Available -

LDR 00725nam a2200229 a 4500
00118968
003CZ-PrJAB
00520180208123322.0
008060119s1960 gw u ger
035 . ‡a(CZ PrCU)000361795
040 . ‡aABD064 ‡bcze
080 . ‡a23/28:330.184 ‡2s
1001 . ‡aVoegelin, Eric, ‡d1901-1985 ‡4aut ‡7jn19981002342
24510. ‡aChristentum und Liberalismus / ‡cEric Voegelin...[et al.]
250 . ‡a1. Aufl.
260 . ‡aMünchen : ‡bKarl Zink, ‡c1960
300 . ‡a252 s. ; ‡c21 cm
65007. ‡akřesťanství ‡7ph115073 ‡2czenas
65007. ‡aliberalismus ‡7ph115136 ‡2czenas
910 . ‡aABG312
901 . ‡a18968 ‡b ‡c18968 ‡tbiblio

Additional Resources